|
|
|
|
| LEADER |
00000nam0a2200000 4500 |
| 001 |
248259 |
| 005 |
20231101232354.0 |
| 035 |
|
|
|a (RuTPU)RU\TPU\book\270012
|
| 035 |
|
|
|a RU\TPU\book\268195
|
| 090 |
|
|
|a 248259
|
| 100 |
|
|
|a 20131209d1988 k y0rusy50 ca
|
| 101 |
0 |
|
|a rus
|
| 102 |
|
|
|a RU
|
| 105 |
|
|
|a a z 001zy
|
| 200 |
1 |
|
|a Научное приборостроение. Автоматизация научных исследований
|e сборник научных трудов
|f Академия наук СССР (АН СССР), Научно-техническое объединение ; гл. ред. М. Л. Александров
|
| 210 |
|
|
|a Ленинград
|c Наука
|d 1988
|
| 215 |
|
|
|a 105 с.
|c ил.
|
| 320 |
|
|
|a Библиография в конце статей
|
| 606 |
1 |
|
|a Приборостроение научное
|2 stltpush
|3 (RuTPU)RU\TPU\subj\51563
|9 70136
|
| 610 |
1 |
|
|a приборы
|
| 610 |
1 |
|
|a теоретические проблемы
|
| 610 |
1 |
|
|a методические проблемы
|
| 610 |
1 |
|
|a научные исследования
|
| 610 |
1 |
|
|a автоматизация
|
| 610 |
1 |
|
|a аппаратное обеспечение
|
| 610 |
1 |
|
|a программное обеспечение
|
| 610 |
1 |
|
|a спектроскопия
|
| 610 |
1 |
|
|a хроматография
|
| 610 |
1 |
|
|a численное моделирование
|
| 675 |
|
|
|a 681.2.002
|v 3
|
| 702 |
|
1 |
|a Александров
|b М. Л.
|4 651
|
| 712 |
0 |
2 |
|a Академия наук СССР (АН СССР)
|b Научно-техническое объединение
|2 stltpush
|3 (RuTPU)RU\TPU\col\722
|
| 801 |
|
1 |
|a RU
|b 63413507
|c 20140121
|
| 801 |
|
2 |
|a RU
|b 63413507
|c 20140624
|g RCR
|
| 942 |
|
|
|c BK
|